JERONIMO DE MENDIETA: VIDA SOCIAL, PASION Y MENSAJE DE UN INDIGENISTA APOCALIPTICO /

Պահպանված է:
Մատենագիտական մանրամասներ
Հիմնական հեղինակ: González, Luis (autor)
Ձևաչափ: Գիրք
Շարք:INVESTIGACIONES
Խորագրեր:
Ցուցիչներ: Ավելացրեք ցուցիչ
Չկան պիտակներ, Եղեք առաջինը, ով նշում է այս գրառումը!

MARC

LEADER 00000nam^a2200000^a^4500
001 000229403
005 20250521000000.0
009 20260310104359.221
020 |a 968-6959-40-8 
035 |a 049329 
037 |a Acervo Xavier Clavigero 
082 |a 972. 02  |b GON 
100 |a González, Luis  |e (autor) 
245 1 0 |a JERONIMO DE MENDIETA:  |b VIDA SOCIAL, PASION Y MENSAJE DE UN INDIGENISTA APOCALIPTICO /  |c LUIS GONZALEZ 
264 |a ZAMORA :  |b EL COLEGIO DE MICHOACAN,  |c 1996 
300 |a 172p. 
336 |a texto  |b txt  |2 rdacontenido 
337 |a sin mediación  |b n  |2 rdamedio 
338 |a volumen  |b nc  |2 rdasoporte 
440 |a INVESTIGACIONES 
649 |a XX 
650 |a México -  |x Historia -  |y Epoca Colonial, 1517-1821 
650 |a Franciscanos en México -  |x Historia 
650 |a MENDIETA, JERONIMO DE, FRAY, 1525-1604 -  |x BIOGRAFIA 
910 |a Fondo General 
920 |a Impresos - Libros 
930 |a Colección General 
905 |a 101 
901 |a 049329  |b IT1  |c ACC  |i 049329  |u 20250521 
902 |a https://opac.biblio.iteso.mx/vufind/Record/000229403